LEADER 00878cam2 22002651 450 001 SOBE00061325 005 20190218145019.0 010 $a3265102637 100 $a20190218d1983 |||||ita|0103 ba 101 $ager 102 $aCH 200 1 $a<<4: Das >>Endspiel$fHans Urs Von Balthasar 210 $aEinsiedeln$cJohannes Verlag$d1983 215 $a483 p.$d22 cm 461 1$1001SOBE00061319$12001 $aTheodramatik / Hans Urs Von Balthasar 700 1$aBalthasar$b, Hans Urs : von$3A600200025322$4070$0452111 801 0$aIT$bUNISOB$c20190218$gRICA 850 $aUNISOB 852 $aUNISOB$j200|Coll|15|K$m52645 912 $aSOBE00061325 940 $aM 102 Monografia moderna SBN 941 $aM 957 $a200|Coll|15|K$b000006$i-4$gSI$d52645$racquisto$1bethb$2UNISOB$3UNISOB$420190218144946.0$520190218145019.0$6bethb 996 $aEndspiel$91668877 997 $aUNISOB